000 00330 a2200109 4500
001 ART_47594
005 20260410161630.0
008 260409a
245 1 0 _aLas escisiones societarias en las normas contables argentinas
100 1 _aTorres, Carlos Federico
773 0 _tEnfoques
_g- N°9 (sep. 2018)
_wREV416
999 _c12403
_d12403